00825cam a2200265 a 450000100090000000300050000900500170001400800410003101000170007201500190008901600180010802000250012603500240015104000230017504200270019805000260022508200170025110000300026824500540029826000340035230000280038650000750041465000390048965500310052816450841Nust20170407190947.0100908r20092008enkb 000 1 eng d a 2010502828 aGBA9332802bnb7 a0151034192Uk a9780719569340 (pbk.) a(OCoLC)ocn489626900 aUKMcUKMdABGdDLC aukblcatcopyalccopycat00aPR6110.J258bP55 200904a823.914bJAC1 aJackson, James H.,d1962-10aPilgrim :bthe greatest crusade /cJames Jackson. aLondon :bJohn Murray,c2009. a501 p. :bmap ;c18 cm. a"First published in Great Britain in 2008 by John Murray"--T.p. verso. 0aChildren's Crusade, 1212vFiction. 7aHistorical fiction.2gsafd